<?xml version="1.0" encoding="UTF-8"?>
<marc:record xmlns:marc="http://www.loc.gov/MARC21/slim">
   <marc:leader>00000nam a2200000 a 4500</marc:leader>
   <marc:datafield ind1="1" ind2=" " tag="100">
      <marc:subfield code="a">Scott, Michael</marc:subfield>
      <marc:subfield code="4">aut</marc:subfield>
      <marc:subfield code="e">Verfasser/-in</marc:subfield>
   </marc:datafield>
   <marc:datafield ind1=" " ind2=" " tag="653">
      <marc:subfield code="a">fantastisch</marc:subfield>
   </marc:datafield>
   <marc:datafield ind1=" " ind2=" " tag="653">
      <marc:subfield code="a">Magie</marc:subfield>
   </marc:datafield>
   <marc:datafield ind1=" " ind2=" " tag="653">
      <marc:subfield code="a">London</marc:subfield>
   </marc:datafield>
   <marc:datafield ind1=" " ind2=" " tag="653">
      <marc:subfield code="a">Magier</marc:subfield>
   </marc:datafield>
   <marc:datafield ind1="0" ind2="0" tag="245">
      <marc:subfield code="a">Die Geheimnisse des Nicholas Flamel</marc:subfield>
   </marc:datafield>
   <marc:datafield ind1="0" ind2="0" tag="245">
      <marc:subfield code="b">Band 4; Jugendroman</marc:subfield>
   </marc:datafield>
   <marc:datafield ind1=" " ind2="1" tag="264">
      <marc:subfield code="b">Bertelsmann</marc:subfield>
      <marc:subfield code="c">2010</marc:subfield>
   </marc:datafield>
   <marc:datafield ind1="1" ind2=" " tag="520">
      <marc:subfield code="a">Rezension zu: Der unheimliche Geisterrufer "Spannend! Spektakulär! Spitze! Das vierte Fantasy-Abenteuer ruft schon nach einem weiteren. Michael Scott, bitte sofort der nächste kunterbunte Fantasy-Einsatz!"  Autoren-Porträt von Michael Scott: Michael Scott ist einer der erfolgreichsten und profiliertesten Autoren Irlands und ein international anerkannter Fachmann für mythen- und kulturgeschichtliche Themen. Seine zahlreichen Fantasy- und Science Fiction-Romane für Jugendliche wie für Erwachsene sind in mehr als zwanzig Ländern veröffentlicht. Michael Scott lebt und schreibt in Dublin. *AundM*</marc:subfield>
   </marc:datafield>
   <marc:datafield ind1="3" ind2=" " tag="024">
      <marc:subfield code="a">9783570137857</marc:subfield>
   </marc:datafield>
</marc:record>
